Normal view
MARC view
- التقييم الاقتصادي-السياسة الاقتصادية-الاستثمار الاقتصادي-المشاريع التنموية
Entry Topical Term
001 - CONTROL NUMBER
- control field: 31881
003 - CONTROL NUMBER IDENTIFIER
- control field: JO-AjAnu
005 - DATE AND TIME OF LATEST TRANSACTION
- control field: 20230606075349.0
008 - FIXED-LENGTH DATA ELEMENTS
- fixed length control field: 230606|| aca||aabn | a|a d
040 ## - CATALOGING SOURCE
- Original cataloging agency: JO-AjAnu
- Transcribing agency: JO-AjAnu
150 ## - HEADING--TOPICAL TERM
- Topical term or geographic name entry element: التقييم الاقتصادي-السياسة الاقتصادية-الاستثمار الاقتصادي-المشاريع التنموية
670 ## - SOURCE DATA FOUND
- Source citation: Work cat.: (JO-AjAnu)16370: العيساوي،كاظم جاسم, author 31880, دراسات الجدوى الاقتصادية وتقييم المشروعات تحليل نظري وتطبيقي